[Event "Landesliga Sued 0809"]
[Site "Bayern"]
[Date "2009.01.18"]
[Round "5.7"]
[White "Sindermann, Peter"]
[Black "Schreiner, Richard"]
[Result "0-1"]
[WhiteElo "1944"]
[BlackElo "2096"]
[PlyCount "108"]
[EventDate "2008.10.05"]
[EventType "team-tourn"]
[EventRounds "9"]
[EventCountry "GER"]
[SourceTitle "EXT 2020"]
[Source "ChessBase"]
[SourceDate "2019.10.17"]
[SourceVersion "1"]
[SourceVersionDate "2019.10.17"]
[SourceQuality "1"]
[WhiteTeam "Weilheim"]
[BlackTeam "Garching"]
[WhiteTeamCountry "GER"]
[BlackTeamCountry "GER"]

1. c4 Nf6 2. Nc3 c6 3. e4 d6 4. d4 Nbd7 5. f4 e5 6. d5 exf4 7. Bxf4 Qe7 8. Bd3 Nc5 9. Qc2 g6 10. Nf3 Bg7 11. 0-0 Ng4 12. Rae1 0-0 13. h3 Ne5 14. Nxe5 Bxe5 15. b4 Bxf4 16. Rxf4 Nd7 17. Qf2 Qe5 18. Nd1 a5 19. Rf1 Qe7 20. b5 f6 21. Bc2 Kg7 22. h4 Ne5 23. Ne3 cxb5 24. g4 Bd7 25. cxb5 Bxb5 26. Rb1 Bd3 27. h5 Rac8 28. Qd2 Rxc2 29. Nxc2 Bxe4 30. Rxe4 Nf3+ 31. Kf2 Qxe4 32. Rxb7+ Rf7 33. h6+ Kg8 34. Rb8+ Rf8 35. Rxf8+ Kxf8 36. Qc3 Ng5 37. Qxf6+ Ke8 38. Qxg5 Qxc2+ 39. Kg3 Qd3+ 40. Kf2 Qc2+ 41. Ke1 Qb1+ 42. Kf2 Qxa2+ 43. Kf3 Qb3+ 44. Ke2 Qc2+ 45. Ke1 Qe4+ 46. Kd1 a4 47. Kc1 Qe5 48. Qd2 Qa1+ 49. Kc2 Qa2+ 50. Kc3 Qxd2+ 51. Kxd2 g5 52. Kc3 Ke7 53. Kb4 Kf6 54. Kxa4 Ke5 0-1

[Event "Landesliga Sued 0809"]
[Site "Bayern"]
[Date "2008.11.30"]
[Round "3.6"]
[White "Walch, Ingo"]
[Black "Sindermann, Peter"]
[Result "1-0"]
[WhiteElo "1974"]
[BlackElo "1944"]
[PlyCount "139"]
[EventDate "2008.10.05"]
[EventType "team-tourn"]
[EventRounds "9"]
[EventCountry "GER"]
[SourceTitle "EXT 2020"]
[Source "ChessBase"]
[SourceDate "2019.10.17"]
[SourceVersion "1"]
[SourceVersionDate "2019.10.17"]
[SourceQuality "1"]
[WhiteTeam "Rottal"]
[BlackTeam "Weilheim"]
[WhiteTeamCountry "GER"]
[BlackTeamCountry "GER"]

1. d4 b5 2. e4 Bb7 3. Bxb5 Bxe4 4. Nf3 e6 5. 0-0 Nf6 6. Re1 a6 7. Ba4 Be7 8. c4 0-0 9. Nc3 Bg6 10. a3 d6 11. Bg5 Nbd7 12. b4 h6 13. Bh4 Nb6 14. Bc6 Nxc4 15. Qb3 Nb6 16. Bxa8 Qxa8 17. Rac1 Rc8 18. a4 Bf8 19. Bxf6 gxf6 20. a5 Nd7 21. d5 e5 22. Qa4 Rd8 23. Qc6 Qa7 24. Ne2 Bd3 25. Qxc7 Qa8 26. Ng3 Be7 27. Qc6 Qb8 28. Qc3 Bh7 29. Nh4 Qb5 30. Nhf5 Bf8 31. Qc4 Rb8 32. Qg4+ Kh8 33. Ne3 Qxb4 34. Qxd7 Qxa5 35. Qxf7 Qd8 36. Nh5 Bg8 37. Qxf6+ Qxf6 38. Nxf6 Bf7 39. Nd7 Ra8 40. Nxf8 Rxf8 41. Rc6 Ra8 42. Rxd6 Kg7 43. Nf5+ Kh7 44. Rxh6+ Kg8 45. Rb6 a5 46. Nh6+ Kg7 47. Nxf7 Kxf7 48. g4 a4 49. Kg2 a3 50. Kg3 a2 51. Ra1 Ra3+ 52. Kg2 Ra4 53. h3 e4 54. Rb2 Rd4 55. Raxa2 Rxd5 56. Rb4 e3 57. fxe3 Kf6 58. Kf3 Kg5 59. Kg3 Rd3 60. h4+ Kf6 61. Kf4 Rd6 62. h5 Rd7 63. g5+ Kf7 64. Ra6 Rc7 65. h6 Kg8 66. g6 Rc8 67. Rab6 Rf8+ 68. Kg5 Kh8 69. Rb8 Kg8 70. Kh4 1-0

[Event "Landesliga Sued 0708"]
[Site "Bayern"]
[Date "2007.12.09"]
[Round "4.8"]
[White "Sindermann, Peter"]
[Black "Giss, Arthur"]
[Result "1/2-1/2"]
[WhiteElo "1930"]
[BlackElo "1932"]
[PlyCount "78"]
[EventDate "2007.10.21"]
[EventType "team-tourn"]
[EventRounds "9"]
[EventCountry "GER"]
[SourceTitle "EXT 2009"]
[Source "ChessBase"]
[SourceDate "2008.11.26"]
[SourceVersion "1"]
[SourceVersionDate "2008.11.26"]
[SourceQuality "1"]
[WhiteTeam "Weilheim"]
[BlackTeam "Dillingen"]
[WhiteTeamCountry "GER"]
[BlackTeamCountry "GER"]

1. b4 Nf6 2. Bb2 e6 3. b5 d5 4. e3 c5 5. c4 Nbd7 6. cxd5 exd5 7. Nf3 Bd6 8. Be2 0-0 9. 0-0 Qc7 10. Qc2 Re8 11. d3 b6 12. Nbd2 Bb7 13. h3 h6 14. Rfe1 Re6 15. a4 a5 16. Rac1 Rae8 17. Nf1 Nf8 18. Nh4 Qc8 19. Nf5 Bb8 20. Bf3 d4 21. e4 Ng6 22. g3 Kh7 23. Qd2 Ne5 24. Bg2 g5 25. Bxd4 Qd7 26. Bxe5 Bxe5 27. N1e3 Bxe4 28. Nc4 Bxg2 29. Kxg2 Bc7 30. Rxe6 Qxe6 31. Nfe3 Rd8 32. Qc2 Kg8 33. Rd1 Nd5 34. Nxd5 Qxd5+ 35. f3 Re8 36. Rd2 Qe6 37. Qd1 f6 38. Qc2 h5 39. d4 cxd4 1/2-1/2